000 00357nam a2200145Ia 4500
008 230917s9999||||xx |||||||||||||| ||und||
040 _e207500
_aMAIN
041 _aEnglish
082 _a512.482 S61C
100 _aSepanski, Mark R
245 0 _aCompact lie groups
260 _aNew Delhi
_bSpringer (India)
_c2011
300 _axii, 198 p.
942 _cBK
999 _c134814
_d134814